Statistics for 5 Heaviest Populated Cities Of These Languages

Click here to take the quiz!

General Stats

  • This quiz has been taken 107 times
  • The average score is 19 of 25

Answer Stats

HintPopAnswer% Correct
French12.2 millParis
100%
Portuguese12.6 millRio De Janeiro
97%
German3.4 millBerlin
96%
Italian2.3 millRome
95%
Italian1.2 millMilan
94%
Portuguese20.9 millSao Paulo
94%
Spanish19.3 millMexico City
92%
Spanish12.9 millBuenos Aires
88%
German1.3 millMunich
86%
Italian960000Naples
86%
German1.7 millHamburg
83%
Spanish8.2 millBogota
82%
Spanish8.7 millLima
80%
Spanish5.8 millSantiago
76%
German1.7 millVienna
71%
German1.2 millCologne
68%
Italian870000Turin
67%
French9 millKinshasa
66%
French3.8 millMontreal
61%
Italian674000Palermo
61%
Portuguese5.9 millBelo Horizonte
60%
Portuguese4.1 millPorto Alegre
48%
Portuguese3.9 millSalvador
44%
French7.1 millAbidjan
31%
French2 millPort-Au-Prince
31%

Score Distribution

Percentile by Number Answered

Percent of People with Each Score

Your Score History

You have not taken this quiz